| 000 | 00936nam a22002537a 4500 | ||
|---|---|---|---|
| 005 | 20170124103112.0 | ||
| 010 | _aB-051038 | ||
| 020 |
_c300.00 _a8177830090 |
||
| 035 | _aB-051038 | ||
| 037 | _bCen Lib/Ret | ||
| 040 |
_aDPL _bHN |
||
| 082 |
_a306.74 _bगणिका |
||
| 245 |
_aगणिका कथा / _cसंपादन कमलेश्वर |
||
| 246 |
_aGanika katha / _bsampadan Kamleshwar |
||
| 260 |
_aनई दिल्ली _bप्रवीण प्रकाशन _c2001 |
||
| 270 |
_bनई दिल्ली _a1/1079 ई, महरौली _e110030 |
||
| 300 |
_axix,280पृ. _c20सेमी(सजिल्द) |
||
| 650 |
_aकथा साहित्य _94735 |
||
| 650 |
_aकहानियाँ _980070 |
||
| 650 |
_aFiction _98901 |
||
| 650 |
_aStories _97500 |
||
| 700 |
_a कमलेश्वर _980071 |
||
| 942 |
_2ddc _cHN _h306.74 _mगणिका |
||
| 999 |
_c118421 _d118421 |
||